LEADER 01144nam0-2200361---450- 001 990009750480403321 005 20130710110258.0 010 $a978-88-263-1802-8 035 $a000975048 035 $aFED01000975048 035 $a(Aleph)000975048FED01 035 $a000975048 100 $a20130710d2011----km-y0itay50------ba 101 0 $aita 102 $aIT 105 $ay-------001yy 200 1 $aPsicoanalisi in tempi di crisi$fa cura di Francesco Gazzillo e Andrea Fontana 210 $aRoma$cBorla$d2011 215 $a236 p.$d21 cm 225 1 $aPsicoanalisi tra memoria e futuro$v6 300 $aCon la prima traduzione integrale del libro I dieci anni dell'Istituto psicoanalitico di Berlino, curato da Max Eitingon 610 0 $aBerliner Psychoanalytisches Institut 676 $a150.1952$v22$zita 702 1$aGazzillo,$bFrancesco 702 1$aFontana,$bAndrea$f<1979- > 702 1$aEitingon,$bMax 801 0$aIT$bUNINA$gREICAT$2UNIMARC 901 $aBK 912 $a990009750480403321 952 $aIX F 134$b49178$fFSPBC 959 $aFSPBC 996 $aPsicoanalisi in tempi di crisi$9833967 997 $aUNINA LEADER 02218cam0-22003611i-450- 001 990004863840403321 005 20161020120627.0 035 $a000486384 035 $aFED01000486384 035 $a(Aleph)000486384FED01 035 $a000486384 100 $a19990604d1670----km-y0itay50------ba 101 2 $alat$agrc 140 $aa---a---a----------ybb0000-- 200 1 $aAppianou Alexandre?s R?maika. Appiani Alexandrini Romanarum historiarum Pars prior [-altera], continens earum Punicam, Parthicam, Ibericam, Syriacam, Mithridaticam, Annibalicam. Alexander Tollius, utrumque textum multis in locis emendavit, correxit & Henrici Stephani, ac doctorum quorundam virirum selectas annotationes adjecit 210 $aAmstelodami$cex officinâ Joh. Janssonii à Waesberge, et Johannis à Someren$d1670 215 $a2 v.$d8° 307 $a1.: [54] carte, 598 p. 307 $a2.: 599-1229 p. 327 1 $a1.: Punicam, Parthicam, Ibericam, Syriacam, Mithridaticam, Annibalicam. Alexander Tollius, utrumque textum multis in locis emendavit, correxit & Henrici Stephani, ac doctorum quorundam virirum selectas annotationes adjecit. - Da carta [12] a cart a[54] è l'Index in Historiarum Libros Appiani Alexandrini, riferito all'edizione "Parisiensi Henrici Stephani"$a2.: Pars altera, continens bellorum civilium libros V.Historiae Celticae ac Ilyricae fragmenta, et excerpta quaedam de Legationibus 620 $aOlanda.$dAmsterdam 700 1$aAppianus$f<2. saec.>$0169051 702 1$aTollius,$bAlexander 702 1$aEstienne,$bHenri$f<1528-1598> 719 00$aJanssonius van Waesberge,$gJohannes$c<2.>$het Someren, Joannes van$4650 801 0$aIT$bUNINA$gRICA$2UNIMARC 901 $aAQ 912 $a990004863840403321 952 $aSG 900/B 214 (1)$b2758/827$fFLFBC 952 $aSG 900/B 214 (2)$b2758/827$fFLFBC 959 $aFLFBC 996 $aAppianou Alexandre?s R?maika. Appiani Alexandrini Romanarum historiarum Pars prior , continens earum Punicam, Parthicam, Ibericam, Syriacam, Mithridaticam, Annibalicam. Alexander Tollius, utrumque textum multis in locis emendavit, correxit & Henrici Stephani, ac doctorum quorundam virirum selectas annotationes adjecit$91558972 997 $aUNINA